000
00310nam a2200121Ia 4500
008
191201s2012 xx 000 0 und d
100
_a
CHAHAL, Ramphal
245
0
_a
Haryanvi Gadh me Lok Vinod
260
_a
N. Delhi
_b
Haryana Granth Academy
_c
2012
300
_a
212
650
_a
General Books
942
_2
ddc
_c
BK
999
_c
6717
_d
6717